| 000 | 00000nas 2200000za 4500 |
| 001 | 9.826779 |
| 003 | CaOODSP |
| 005 | 20221107144647 |
| 007 | cr ||||||||||| |
| 008 | 161102d19541960oncar p oss f0###a0eng|d |
| 022 | |y0527-6195 |
| 040 | |aCaOODSP|beng |
| 043 | |an-cn--- |
| 086 | 1 |aCS41-214E-PDF |
| 245 | 04|aThe smelting and refining industry |h[electronic resource]. |
| 260 | |a[Ottawa] : |bDominion Bureau of Statistics, Mineral Statistics Section, |c[1955]-1962. |
| 310 | |aAnnual |
| 362 | 0 |a1954-1960. |
| 500 | |aDigitized edition from print [produced by Statistics Canada]. |
| 515 | |aIssues for 1954-1955 called v. 1, pt. 1-F-1; 1954-1956 called v. 2, pt. 4-F-1; 1956-1957 called v. 1, pt. 1-G-1. |
| 520 | |aPrincipal statistics of the non-ferrous metallurgical industries, including number of companies, number of plants, employees and salaries, value of products and operating costs. |
| 550 | |aIssued 1957-1960 by Industry and Merchandising Division. |
| 692 | 07|2gccst|aMetalworking industry |
| 692 | 07|2gccst|aStatistics |
| 710 | 1 |aCanada. |bDominion Bureau of Statistics.|bMineral Statistics Section. |
| 710 | 1 |aCanada. |bDominion Bureau of Statistics. |bIndustry and Merchandising Division. |
| 780 | 00|tThe non-ferrous smelting and refining industry |w(CaOODSP)9.826777 |
| 785 | 00|tSmelting and refining |w(CaOODSP)9.826783 |